00338nam a22001217a 450000500170000000800410001708200170005810000160007524500580009126000350014930000080018465000240019220231205101103.0231205b |||||||| |||| 00| 0 eng d a346.540bRIZ aAatir Rizvi aTransfer of Property Act 1882bUnderstandinghEnglish aLahorebMuttaqi Printersc2013 a228 aSocial Sciences/Law